000 00652nam a22002177a 4500
003 OSt
005 20150519083658.0
008 140506b xxu||||| |||| 00| 0 eng d
020 _a9780745603674
020 _a074560367x
050 _aRT 86.5
_b.So665 2005
245 _aSociology for Nurses /
_cedited by: Elaine Denny & Sarah Earle.
260 _aUK :
_bC & E Publishing, Inc.,
_c2005.
300 _aix. 310 pages :
_billustrations ;
_c23 cm.
500 _aIncludes bibliographical references and index.
521 _aNursing
650 _aNursing
_xSocial aspects.
650 _aSocial medicine.
942 _2lcc
_cBK
_kFOR
999 _c284014
_d284014